| 000 | 00612nam a2200217Ia 4500 | ||
|---|---|---|---|
| 003 | GCL | ||
| 008 | 140319s9999 xx 000 0 eng d | ||
| 020 | _a9280312146 | ||
| 040 |
_aGCL / _cGCL |
||
| 082 | 0 | 4 |
_a371.33 _bB N |
| 100 | 1 | _aBATES, TONY | |
| 245 | 1 | 0 |
_aNATIONAL STRATEGIES FOR E-LEARNING IN POST - SECONDARY EDUCATION AND TRAINING / _cBATES, TONY |
| 260 |
_aفرنسا : _bUNESCO ، _c2001 |
||
| 300 |
_a20 CM ؛ _c133 P |
||
| 650 | 0 | 4 | _aTEACHING |
| 650 | 0 | 4 | _aEDUCATION |
| 650 | 0 | 4 | _aTECHNICAL EDUCATION |
| 650 | 0 | 4 | _aEDUCATION - ELEMENTARY CHILDREN |
| 650 | 0 | 4 | _aE- LAEARNING |
| 942 |
_2ddc _cBK |
||
| 999 |
_c5739 _d5739 |
||